| 000 | 01661cam a2200265 4500 | ||
|---|---|---|---|
| 001 | ABS67983 | ||
| 008 | 040715n2004 000 0 eng u | ||
| 035 | _a(Sirsi) u126791 | ||
| 100 | _aBrewer, G. | ||
| 245 | _aConsidering global claims | ||
| 260 | _c2004 | ||
| 490 |
_aContract Journal _v424(6482) 30 June 2004, 34(1) |
||
| 520 | _aDiscusses "John Doyle Construction Ltd v Laing Management (Scotland) Ltd" (CSIH, [2004] BLR 295-307(13) a judgment which reviewed the Outer House judgment (CSOH, [2002] BLR 393). Gives further guidance on the subject of global claims and concurrent causes of delay and loss and expense. Highlights that it may be possible to identify a causal link between particular events for which the employer is responsible and individual items of loss. Also notes if such events can be described as the dominant cause of an item of loss this would be sufficient to establish liability. Further establishes that even if it cannot be said that events for which the employer is responsible are the dominant cause of loss, it may be possible to apportion the loss between the causes. View judgment at www.scotscourts.gov.uk. | ||
| 590 | _aABS | ||
| 590 | _aABS | ||
| 650 | _aJOHN DOYLE CONSTRUCTION LTD V LAING MANAGEMENT (SCOTLAND) LTD | ||
| 650 | _aSCOTLAND | ||
| 650 | _aDELAY | ||
| 650 | _aLOSS | ||
| 650 | _aGLOBAL CLAIMS | ||
| 690 | _aBUILDING AND CONSTRUCTION-CONTRACTS | ||
| 856 |
_uhttps://www.scotcourts.gov.uk/opinionsv/a806.html _zView judgment on the Scottish Courts website... |
||
| 856 |
_uhttps://www.scotcourts.gov.uk/opinionsv/a806.html _zView judgment on the Scottish Courts website... |
||
| 942 | _n0 | ||
| 999 |
_c117707 _d117707 |
||